000 00277nam a22001337a 4500
008 171011b xxu||||| |||| 00| 0 eng d
020 _a9780176415938
041 _aeng
080 _a316
100 _a50
101 _aSOC
245 _aSOCIOLOGY
_cBRYM,R.J
942 _2udc
_cBK
999 _c33153
_d33153